000 00274nam a2200109Ia 4500
001 1261190
005 20260417140347.0
008 260417s9999 xx 000 0 und d
020 _a9789754052718
245 0 _aNoel’de Cinayet
_cAgatha Christie
260 _bAltın Kitaplar
999 _c1261190
_d1261190